| 000 | 00478nam a2200157Ia 4500 | ||
|---|---|---|---|
| 008 | 210716s1998 xx 000 0 und d | ||
| 020 | _a0132690853 | ||
| 041 | _aeng | ||
| 082 | _a658.802 BURJ | ||
| 100 | _aBurnett, John;Moriarty, Sandra. | ||
| 245 |
_aIntroduction to marketing communications: an inergrated approach. _bAn inergrated approach. |
||
| 250 | _a1 | ||
| 260 |
_aNew Delhi _bPrentice Hall _c1998 |
||
| 300 | _axxxxv,659,I-28 | ||
| 650 | _aMarketing Communications | ||
| 999 |
_c203018 _d203018 |
||